000 00659nam a2200289Ia 4500
005 20260324142955.0
008 008 260324s9999 xx 000 0 eng d
020 _a9781003416326
037 _aEBOOK
040 _aCRL
040 _beng
040 _cCRL
041 _2eng
041 _aeng
084 _qCRL
100 _aGeoffrey Walford
245 4 _aThe Private Schooling of Girls
245 0 _bPast and Present
260 _bTaylor and Francis
260 _c1993
365 _a
365 _b230
856 _uhttp://www.taylorfrancis.com/books/9781003416326
942 _cEBOOK
999 _c1818764
_d1818764